| 000 | 00385nam a22001457a 4500 | ||
|---|---|---|---|
| 020 | _a9695037143 | ||
| 082 |
_a891.439301 _bMUM |
||
| 245 |
_aSamay Ka Bandhan/ _cMumtaz Mufti |
||
| 260 |
_aLahore: _bAl-Faisal Publisher, _c2019 |
||
| 300 | _a183p.; | ||
| 563 | _aHardcover | ||
| 880 |
_6100-01\r _aممتاز مفتی |
||
| 880 |
_6245-02\r _a سمے کا بندھن |
||
| 942 |
_2ddc _cBK |
||
| 999 |
_c613006 _d613006 |
||